[Event "Edward Lasker Memorial 107th"]
[Site "New York"]
[Date "2023.12.09"]
[Round "4"]
[White "Weisz, Bryan"]
[Black "Hughes, John L"]
[Result "1-0"]
[WhiteElo "1965"]
[BlackElo "2180"]
[PlyCount "71"]
[EventDate "2023.12.07"]
[EventType "swiss"]
[EventRounds "6"]
[EventCountry "USA"]
[SourceTitle "CB50_2023"]
[SourceDate "2023.12.13"]
[SourceVersion "1"]
[SourceVersionDate "2023.12.13"]
[SourceQuality "1"]

1. e3 d5 2. Nc3 Nf6 3. f4 c5 4. Nf3 Nc6 5. Bb5 a6 6. Bxc6+ bxc6 7. d3 e6 8. 0-0 a5 9. e4 Be7 10. Qe1 a4 11. Kh1 Qb6 12. g4 Nxg4 13. Rg1 h5 14. h3 Nf6 15. Rxg7 d4 16. Nd1 Bf8 17. Rg2 Ba6 18. f5 c4 19. Qh4 Be7 20. Bg5 Qd8 21. fxe6 fxe6 22. Ne5 Ng8 23. Qf2 Rh7 24. Bh4 Nh6 25. Qg3 Ng4 26. Bxe7 Qxe7 27. hxg4 hxg4+ 28. Kg1 Qf6 29. Nxg4 Qh8 30. Nf6+ Qxf6 31. Qg8+ Kd7 32. Qxh7+ Kd6 33. e5+ Qxe5 34. Nf2 cxd3 35. Ne4+ Kd5 36. Rg5 1-0

[Event "Badalona op 41st"]
[Site "Badalona"]
[Date "2015.08.06"]
[Round "5"]
[White "Hughes, John L"]
[Black "Narciso Dublan, Marc"]
[Result "0-1"]
[WhiteElo "2184"]
[BlackElo "2532"]
[PlyCount "92"]
[EventDate "2015.08.02"]
[EventType "swiss"]
[EventRounds "9"]
[EventCountry "ESP"]
[SourceTitle "CBM 167 Extra"]
[Source "ChessBase"]
[SourceDate "2015.09.14"]
[SourceVersion "1"]
[SourceVersionDate "2015.09.14"]
[SourceQuality "1"]

1. e4 d6 2. d4 Nf6 3. Nc3 g6 4. f4 Bg7 5. Nf3 0-0 6. Bd3 Nc6 7. e5 dxe5 8. dxe5 Nd5 9. Nxd5 Qxd5 10. Qe2 Bg4 11. Be4 Qa5+ 12. Bd2 Qb6 13. Bc3 Rad8 14. Qf2 f6 15. Qxb6 cxb6 16. 0-0 Bxf3 17. Bxf3 fxe5 18. fxe5 Nxe5 19. Bxb7 Rxf1+ 20. Rxf1 Nc4 21. Bxg7 Kxg7 22. b3 Ne3 23. Re1 Rd1 24. Rxd1 Nxd1 25. Bf3 Nc3 26. a4 e5 27. Kf2 e4 28. Be2 Kf6 29. Ke3 Ke5 30. Bc4 g5 31. Bg8 h5 32. Bf7 h4 33. Bg8 a6 34. Bc4 b5 35. axb5 axb5 36. Bg8 b4 37. g3 hxg3 38. hxg3 Nd5+ 39. Ke2 Kd4 40. Kd2 Ne3 41. Ke2 Nxc2 42. Be6 Ne3 43. g4 Nd5 44. Bf7 Nf6 45. Be6 Ke5 46. Bc8 Kf4 0-1

[Event "Arlington DC op 2nd"]
[Site "Arlington"]
[Date "2014.06.28"]
[Round "5"]
[White "Lopez Ramirez, Jorge Hernan"]
[Black "Hughes, John L"]
[Result "0-1"]
[WhiteElo "2042"]
[BlackElo "2220"]
[PlyCount "80"]
[EventDate "2014.06.26"]
[EventType "swiss"]
[EventRounds "9"]
[EventCountry "USA"]
[SourceTitle "CBM 161 Extra"]
[Source "ChessBase"]
[SourceDate "2014.08.29"]
[SourceVersion "1"]
[SourceVersionDate "2014.08.29"]
[SourceQuality "1"]

1. e4 c5 2. c3 Nf6 3. e5 Nd5 4. d4 cxd4 5. Nf3 Nc6 6. Bc4 Nb6 7. Bb3 d5 8. exd6 Qxd6 9. Na3 Be6 10. Nb5 Qd7 11. 0-0 Bxb3 12. axb3 a6 13. Nbxd4 Nxd4 14. Nxd4 g6 15. Re1 Bg7 16. Bg5 Nc8 17. Qf3 0-0 18. Rad1 e5 19. Nc2 Qb5 20. c4 Qb6 21. Rd7 Rb8 22. Red1 Qe6 23. Qe3 Re8 24. Ne1 Bf8 25. Qd2 f6 26. Bh6 Nb6 27. Rd3 Be7 28. Rh3 Rbd8 29. Qe2 Nc8 30. Nd3 Rd7 31. Re1 Qc6 32. Be3 Red8 33. Bc1 b5 34. cxb5 Qxb5 35. Nf4 Bb4 36. Rf1 exf4 37. Qe6+ Kg7 38. Bxf4 Qxf1+ 39. Kxf1 Rd1+ 40. Ke2 Re1+ 0-1

[Event "Philadelphia op 8th"]
[Site "Philadelphia"]
[Date "2014.04.19"]
[Round "7"]
[White "Shetty, Atulya"]
[Black "Hughes, John L"]
[Result "0-1"]
[WhiteElo "2313"]
[BlackElo "2200"]
[PlyCount "80"]
[EventDate "2014.04.16"]
[EventType "swiss"]
[EventRounds "9"]
[EventCountry "USA"]
[SourceTitle "CBM 159 Extra"]
[Source "ChessBase"]
[SourceDate "2014.04.24"]
[SourceVersion "1"]
[SourceVersionDate "2014.04.24"]
[SourceQuality "1"]

1. c4 e5 2. g3 Nc6 3. Nc3 Bc5 4. Bg2 d6 5. d3 a6 6. a3 Nge7 7. b4 Ba7 8. e3 0-0 9. Nge2 Be6 10. Nd5 Rb8 11. 0-0 Qd7 12. Bb2 b5 13. Qc2 f5 14. Rac1 bxc4 15. dxc4 Ng6 16. Qa4 Nd4 17. Qd1 Nxe2+ 18. Qxe2 Qf7 19. Nc3 Bxc4 20. Qxc4 Qxc4 21. Bd5+ Qxd5 22. Nxd5 c5 23. Rfd1 Rf7 24. Bc3 f4 25. bxc5 fxe3 26. fxe3 dxc5 27. Ba5 Rb3 28. a4 e4 29. Bc7 Rd3 30. Rxd3 exd3 31. Rc3 c4 32. Rxc4 d2 33. Nc3 Bxe3+ 34. Kg2 Rf2+ 35. Kh3 Rf1 36. Re4 Rc1 37. Rxe3 Rxc3 38. Rxc3 d1Q 39. a5 Qf1+ 40. Kg4 h5+ 0-1

[Event "Philadelphia op 8th"]
[Site "Philadelphia"]
[Date "2014.04.16"]
[Round "1"]
[White "Hughes, John L"]
[Black "Shabalov, Alexander"]
[Result "1/2-1/2"]
[WhiteElo "2200"]
[BlackElo "2501"]
[PlyCount "48"]
[EventDate "2014.04.16"]
[EventType "swiss"]
[EventRounds "9"]
[EventCountry "USA"]
[SourceTitle "CBM 159 Extra"]
[Source "ChessBase"]
[SourceDate "2014.04.24"]
[SourceVersion "1"]
[SourceVersionDate "2014.04.24"]
[SourceQuality "1"]

1. e4 c5 2. Nf3 d6 3. Bc4 Nf6 4. d3 e6 5. Bb3 Be7 6. 0-0 0-0 7. c3 b5 8. Re1 Bb7 9. Nbd2 Nbd7 10. Bc2 Re8 11. Nf1 Bf8 12. Ng3 e5 13. d4 d5 14. dxe5 Nxe4 15. Nxe4 dxe4 16. Bxe4 Bxe4 17. Rxe4 Nxe5 18. Bf4 Ng6 19. Rxe8 Qxe8 20. Be3 Rd8 21. Qc2 Qd7 22. a4 a6 23. axb5 axb5 24. h3 h6 1/2-1/2

[Event "Wch U18"]
[Site "Al Ain"]
[Date "2013.12.23"]
[Round "9"]
[White "Hughes, John L"]
[Black "Hernandez Sanchez, Jairo Andres"]
[Result "0-1"]
[WhiteElo "2155"]
[BlackElo "2298"]
[PlyCount "78"]
[EventDate "2013.12.18"]
[EventType "swiss"]
[EventRounds "11"]
[EventCountry "UAE"]
[SourceTitle "CBM 158 Extra"]
[Source "ChessBase"]
[SourceDate "2014.02.28"]
[SourceVersion "1"]
[SourceVersionDate "2014.02.28"]
[SourceQuality "1"]

1. e4 c5 2. Nf3 g6 3. c3 Bg7 4. h3 d6 5. d4 Nd7 6. Bd3 Ngf6 7. 0-0 0-0 8. Re1 cxd4 9. cxd4 e5 10. Nc3 exd4 11. Nxd4 a6 12. Bf4 Ne5 13. Bc2 b5 14. a4 Nh5 15. Bc1 b4 16. Nd5 a5 17. f4 Nc4 18. Bb3 Ba6 19. Nc6 Qh4 20. Bxc4 Bxc4 21. Nb6 Ra6 22. Ne7+ Qxe7 23. Nxc4 Rc8 24. Qd3 Rac6 25. Ne3 Nxf4 26. Qf1 Be5 27. Ng4 Ne6 28. Nh6+ Kg7 29. Be3 Rc2 30. Re2 Bxb2 31. Ra2 Rxe2 32. Qxe2 Bd4 33. Bxd4+ Nxd4 34. Qe3 Nc6 35. Ng4 Qa7 36. Rd2 Qxe3+ 37. Nxe3 Ne5 38. Rxd6 Rc3 39. Kf2 Rxe3 0-1

[Event "Wch U18"]
[Site "Al Ain"]
[Date "2013.12.19"]
[Round "2"]
[White "Javanbakht, Nima"]
[Black "Hughes, John L"]
[Result "1/2-1/2"]
[WhiteElo "2374"]
[BlackElo "2155"]
[PlyCount "53"]
[EventDate "2013.12.18"]
[EventType "swiss"]
[EventRounds "11"]
[EventCountry "UAE"]
[SourceTitle "CBM 158 Extra"]
[Source "ChessBase"]
[SourceDate "2014.02.28"]
[SourceVersion "1"]
[SourceVersionDate "2014.02.28"]
[SourceQuality "1"]

1. d4 d5 2. c4 e6 3. Nc3 c5 4. cxd5 exd5 5. Nf3 Nc6 6. g3 Nf6 7. Bg2 Be7 8. 0-0 0-0 9. Bg5 c4 10. Ne5 Be6 11. f4 h6 12. Bxf6 Bxf6 13. e3 Ne7 14. Rf2 Rb8 15. e4 Bxe5 16. fxe5 Qd7 17. Qd2 b5 18. exd5 Bxd5 19. Bxd5 Nxd5 20. Ne4 b4 21. Raf1 Qc6 22. Nf6+ Nxf6 23. exf6 c3 24. Qc1 Rb6 25. Rf4 Re8 26. fxg7 Re2 27. R1f2 1/2-1/2

[Event "South Wales op 10th"]
[Site "Penarth"]
[Date "2013.07.19"]
[Round "9"]
[White "Petrov, Marian"]
[Black "Hughes, John L"]
[Result "1-0"]
[WhiteElo "2478"]
[BlackElo "2046"]
[PlyCount "68"]
[EventDate "2013.07.14"]
[EventType "swiss"]
[EventRounds "9"]
[EventCountry "WLS"]
[SourceTitle "CBM 155 Extra"]
[Source "ChessBase"]
[SourceDate "2013.08.26"]
[SourceVersion "1"]
[SourceVersionDate "2013.08.26"]
[SourceQuality "1"]

1. e4 c5 2. Nf3 Nc6 3. Bb5 e6 4. 0-0 Nge7 5. Re1 a6 6. Bf1 Ng6 7. c3 Be7 8. d4 cxd4 9. cxd4 d5 10. e5 0-0 11. Nc3 b5 12. g3 f6 13. exf6 Bxf6 14. h4 Bxh4 15. gxh4 Nxh4 16. Nh2 Qf6 17. f4 Nxd4 18. Bd3 b4 19. Na4 e5 20. Qh5 g6 21. Qd1 exf4 22. Kh1 f3 23. Rf1 Bh3 24. Rf2 Rae8 25. Bh6 Rf7 26. Qd2 Qc6 27. Qxb4 Bg2+ 28. Kg1 Ne2+ 29. Bxe2 fxe2 30. Rxf7 Kxf7 31. Qxh4 d4 32. Re1 Qxa4 33. Qf2+ Kg8 34. Qf6 Qd7 1-0

[Event "South Wales op 10th"]
[Site "Penarth"]
[Date "2013.07.18"]
[Round "8"]
[White "Hughes, John L"]
[Black "House, Glenn"]
[Result "0-1"]
[WhiteElo "2046"]
[BlackElo "2211"]
[PlyCount "159"]
[EventDate "2013.07.14"]
[EventType "swiss"]
[EventRounds "9"]
[EventCountry "WLS"]
[SourceTitle "CBM 155 Extra"]
[Source "ChessBase"]
[SourceDate "2013.08.26"]
[SourceVersion "1"]
[SourceVersionDate "2013.08.26"]
[SourceQuality "1"]

1. e4 c5 2. c3 e6 3. d4 d5 4. Nd2 Nc6 5. Ngf3 Nf6 6. Bd3 Be7 7. 0-0 dxe4 8. Nxe4 cxd4 9. cxd4 0-0 10. Nc3 Nb4 11. Bb1 b6 12. a3 Nbd5 13. Qd3 Bb7 14. Re1 Nxc3 15. bxc3 Rc8 16. Bg5 g6 17. Bh6 Re8 18. Ne5 Bf8 19. Bg5 Bg7 20. Ba2 Qd6 21. Bb3 Nd7 22. Qg3 Nxe5 23. dxe5 Qc5 24. Re3 Rc7 25. h4 h5 26. Bf6 Bd5 27. Bc2 Bc6 28. Qf4 Bxf6 29. exf6 e5 30. Qh6 Qf8 31. Qg5 e4 32. Qf4 Rcc8 33. g4 Qc5 34. Qh6 Qf8 35. Qg5 hxg4 36. h5 Qc5 37. Qh6 Qf8 38. Qg5 Qc5 39. Qh6 Qf8 40. Qf4 g5 41. Qxg5+ Kh8 42. h6 Qg8 43. Qg7+ Qxg7 44. hxg7+ Kh7 45. Rg3 Re6 46. Rxg4 Rxf6 47. Re1 Rg6 48. Rxg6 fxg6 49. Bxe4 Bxe4 50. Rxe4 Rxc3 51. Re8 Kxg7 52. Re7+ Kf6 53. Rxa7 Ke5 54. Ra6 Rb3 55. a4 g5 56. a5 b5 57. Ra8 Kd6 58. Rg8 Ra3 59. a6 b4 60. Rxg5 Kc6 61. Rg6+ Kb5 62. f4 Rxa6 63. f5 b3 64. Rg2 Ra1+ 65. Kh2 Ra2 66. f6 b2 67. f7 b1Q 68. f8Q Qh7+ 69. Kg1 Ra1+ 70. Kf2 Qh4+ 71. Kf3 Rf1+ 72. Ke2 Qe1+ 73. Kd3 Rxf8 74. Rg5+ Kb4 75. Rg7 Qd1+ 76. Ke3 Qc1+ 77. Ke4 Qc4+ 78. Ke5 Qc3+ 79. Ke6 Qxg7 80. Kd6 0-1

[Event "South Wales op 10th"]
[Site "Penarth"]
[Date "2013.07.17"]
[Round "7"]
[White "Rudd, Jack"]
[Black "Hughes, John L"]
[Result "0-1"]
[WhiteElo "2280"]
[BlackElo "2046"]
[PlyCount "124"]
[EventDate "2013.07.14"]
[EventType "swiss"]
[EventRounds "9"]
[EventCountry "WLS"]
[SourceTitle "CBM 155 Extra"]
[Source "ChessBase"]
[SourceDate "2013.08.26"]
[SourceVersion "1"]
[SourceVersionDate "2013.08.26"]
[SourceQuality "1"]

1. e4 c5 2. Nf3 e6 3. d4 cxd4 4. Nxd4 a6 5. Bd3 Bc5 6. Nb3 Be7 7. c4 d6 8. 0-0 Nd7 9. Nc3 Ngf6 10. f4 Qc7 11. Be3 b6 12. Qf3 Bb7 13. Rac1 0-0 14. Qh3 Rfe8 15. g4 g6 16. g5 Nh5 17. f5 Ne5 18. fxe6 fxe6 19. Be2 Ng7 20. Nd4 Qd7 21. b3 Bc8 22. Nf3 Qc7 23. Nxe5 dxe5 24. Na4 Rb8 25. c5 b5 26. Nb6 Bb7 27. Bg4 Bxe4 28. Bxe6+ Nxe6 29. Qxe6+ Kh8 30. Nd5 Bxd5 31. Qxd5 Rbd8 32. Qe4 Bf8 33. Rf3 Bg7 34. Rcf1 Re7 35. b4 Rc8 36. Rd1 Rd7 37. Rxd7 Qxd7 38. Bf2 Qc6 39. Qxc6 Rxc6 40. Rd3 Kg8 41. Rd8+ Kf7 42. Rd7+ Kf8 43. Rb7 e4 44. Rb6 Rc7 45. Rxa6 Bc3 46. a3 Bd2 47. Re6 Re7 48. Rxe7 Kxe7 49. Kf1 Bxg5 50. Ke2 Bc1 51. a4 bxa4 52. b5 Bf4 53. h4 a3 54. Bd4 a2 55. Bc3 Kd7 56. c6+ Kd6 57. Bb4+ Kd5 58. Bc3 Kc5 59. Bd2 a1Q 60. Bxf4 Kxb5 61. c7 Qc3 62. Kf2 Ka6 0-1